Colorado County Seats - Statistics

General Stats
  • This quiz has been taken 17 times
  • The average score is 35 of 64
Answer Stats
County County Seat % Correct
El Paso Colorado Springs
100%
Boulder Boulder
92%
Denver Denver
92%
Larimer Fort Collins
92%
Eagle Eagle
83%
Mesa Grand Junction
83%
Ouray Ouray
83%
Pueblo Pueblo
83%
Routt Steamboat Springs
83%
Alamosa Alamosa
75%
Pitkin Aspen
75%
Broomfield Broomfield
75%
Douglas Castle Rock
75%
Montezuma Cortez
75%
Moffat Craig
75%
Delta Delta
75%
La Plata Durango
75%
Morgan Fort Morgan
75%
Jefferson Golden
75%
Gunnison Gunnison
75%
Montrose Montrose
75%
Weld Greeley
67%
Otero La Junta
67%
San Miguel Telluride
67%
Las Animas Trinidad
67%
Adams Brighton
58%
Garfield Glenwood Springs
58%
Hinsdale Lake City
58%
Prowers Lamar
58%
Arapahoe Littleton
58%
Logan Sterling
58%
Huerfano Walsenburg
58%
Fremont Cañon City
50%
Gilpin Central City
50%
Mineral Creede
50%
Park Fairplay
50%
Elbert Kiowa
50%
Lake Leadville
50%
Saguache Saguache
50%
Chaffee Salida
50%
San Juan Silverton
50%
Jackson Walden
50%
Kit Carson Burlington
42%
Conejos Conejos
42%
Teller Cripple Creek
42%
Sedgwick Julesburg
42%
Costilla San Luis
42%
Yuma Wray
42%
Summit Breckenridge
33%
Bent Las Animas
33%
Archuleta Pagosa Springs
33%
Baca Springfield
33%
Washington Akron
25%
Cheyenne Cheyenne Wells
25%
Rio Grande Del Norte
25%
Kiowa Eads
25%
Clear Creek Georgetown
25%
Phillips Holyoke
25%
Grand Hot Sulphur Springs
25%
Rio Blanco Meeker
25%
Custer Westcliffe
25%
Dolores Dove Creek
17%
Lincoln Hugo
17%
Crowley Ordway
17%
No matching quizzes found
Score Distribution
Percent of People with Each Score
Percentile by Number Answered
Your Score History
You have not taken this quiz